Finding pathways: mixed-method research for studying causal mechanisms /

Sábháilte in:
Sonraí bibleagrafaíochta
Príomhchruthaitheoir: Weller, Nicholas
Rannpháirtithe: Barnes, Jeb
Formáid: LEABHAR
Teanga:English
Foilsithe / Cruthaithe: United Kindom: Cambridge University Press, 2014
Sraith:Strategies for Social Inquiry
Clibeanna: Cuir clib leis
Níl clibeanna ann, Bí ar an gcéad duine le clib a chur leis an taifead seo!

MARC

LEADER 00000nam a22000007a 4500
003 cru CRAI/IIS
005 20200306062536.0
008 200304t2014 -uk|||||r|||||||| ||eng|d
999 |c 42697  |d 42697 
020 |a 9781107684768 
040 |c cru CRAI/IIS 
090 |a 18.03.01 W448f 
100 1 |9 9121  |a Weller, Nicholas 
245 1 |a Finding pathways:  |b mixed-method research for studying causal mechanisms /  |c Nicholas Weller, Jeb Barnes 
260 |a United Kindom:  |b Cambridge University Press,  |c 2014 
300 |a 162 páginas:  |b tablas, gráficos 
440 |9 9118  |a Strategies for Social Inquiry 
700 1 |a Barnes, Jeb  |9 9120 
942 |2 ddc  |c LI